Cambel, S.: Štátnik a národohospodár Milan Hodža 1878-1944

Bibliographic Details
Main Author: Lipták, Ľubomír, 1930-2003 (Author)
Format: Article
Language:Slovak
ISSN:0018-2575
Subjects:

MARC

LEADER 00000nab a2200000 a 4500
001 vtls000785252
003 SK-MaSNL
005 20260302155018.0
008 140228c2001 xo 0 slo
015 |a SNBRB2002/03-07856 
035 |a CLN000136920 
040 |a SNKBUCL  |b slo  |c SNKBUCL  |e AACR2 
041 0 |a slo 
044 |a xo  |c SK 
080 |a 943.76-051"18/19"(048)  |2 1997 
080 |a 33-051(048)  |2 1997 
100 1 |a Lipták, Ľubomír,  |d 1930-2003  |4 aut  |9 105323 
245 1 0 |a Cambel, S.: Štátnik a národohospodár Milan Hodža 1878-1944  |c Ľ. Lipták 
600 1 7 |a Hodža, Milan,  |d 1878-1944  |2 snkbucl  |9 184939 
655 7 |a články z novín a časopisov  |2 snkbucl  |9 267496 
773 0 |t Historický časopis  |g Roč. 49, č. 4 (2001), s. 683-684  |x 0018-2575 
787 0 8 |i Rec.:  |a Cambel, Samuel, 1928-  |t Štátnik a národohospodár Milan Hodža 1878-1944  |d Bratislava : Veda, 2001  |z 8022406694 
850 |a Slovenská národná knižnica v Martine 
852 |a SNK  |b KIS3GCP 
910 |a hodza 
958 |a RC 
958 |a SK 
992 |a RBX 
999 |c 1370074  |d 1372004